| 000 | 00756nam a2200265Ia 4500 | ||
|---|---|---|---|
| 003 | OSt | ||
| 005 | 20221007111815.0 | ||
| 006 | a|||||r|||| 00| 0 | ||
| 007 | ta | ||
| 008 | 221006b |||||||| |||| 00| 0 eng d | ||
| 020 | _a8189479512 | ||
| 024 | _a24,336 | ||
| 037 | _cTextual | ||
| 040 |
_aLCO _cLCO _beng |
||
| 041 |
_2eng _aeng |
||
| 082 | _aZ277,5113, P7 | ||
| 100 |
_aHuman Rights Law Network _9402706 |
||
| 245 | 0 | _aSecret Killings Of Assam | |
| 260 |
_aNew _bDelhi Human Rights Law Network India _c2009 |
||
| 300 | _a202 | ||
| 500 | _aThe Horror Tales From the Land of Red River and Blue Hills | ||
| 650 |
_aASSAM _9708527 |
||
| 942 |
_hZ277,5113, P7 _cTEXL |
||
| 999 |
_c1193899 _d1193899 |
||